It looks like you're offline.
Open Library logo
additional options menu

MARC Record from Scriblio

Record ID marc_records_scriblio_net/part14.dat:15450176:813
Source Scriblio
Download Link /show-records/marc_records_scriblio_net/part14.dat:15450176:813?format=raw

LEADER: 00813cam 2200241 a 4500
001 2001553135
003 DLC
005 20020731105722.0
008 010913s1596 fr 000 0 lat
010 $a 2001553135
040 $aDLC$cDLC$edcrb
041 1 $alatgrc$hgrc
050 00 $aPA3874$b.A3 1596
100 0 $aAristaenetus.
240 10 $aLove epistles.$lLatin & Greek
245 10 $aAristainetou Epistolai =$bAristaeneti Epistolae Graecae /$ccum Latina interpretatione & notis.
246 30 $aAristaeneti Epistolae Graecae
260 $aParisiis :$bApud Marcum Orry ,$c1596.
300 $a[8], 239, [1] p. ;$c17 cm. (8vo)
546 $aIn Greek and Latin on facing pages; Greek title romanized.
500 $aSignatures: ã⁴ A-O⁸ P-Q⁴.
500 $aPrinter's lion device on t.p.
752 $aFrance$dParis.